| 000 | 01565nam a2200385 i 4500 | ||
|---|---|---|---|
| 001 | 000043799 | ||
| 003 | DO-SdBNP | ||
| 005 | 20250611121345.0 | ||
| 007 | ta | ||
| 008 | 140501s2001 dr a 000 0 spa d | ||
| 020 | _a999347200X | ||
| 040 |
_aDO-SdBNP _bspa _cBNPHU _erda |
||
| 082 | 4 |
_a305.80097293 _bZ21i 2001 _222 |
|
| 100 | 1 |
_a Záiter Mejía, Alba Josefina, _eautor _4aut. _971636 |
|
| 245 | 1 | 3 |
_aLa identidad social y nacional en dominicana : _bun análisis psico-social / _cAlba Josefina Záiter Mejía |
| 250 | _asegunda edición | ||
| 264 | 1 |
_aSanto Domingo : _bTaller, _c2001. |
|
| 300 |
_a264 páginas : _bilustraciones ; _c22 cm. |
||
| 336 |
_atexto _btxt _2rdacontent |
||
| 337 |
_asin mediación _bn _2rdamedia |
||
| 338 |
_avolumen _bnc _2rdacarrier |
||
| 500 | _aIncluye referencias bibliográficas y notas al pie de las páginas. | ||
| 504 | _aBibliografía : páginas 258-264 | ||
| 590 | _aInventariado, 2020/VM | ||
| 600 | 1 | 0 |
_a Balaguer, Joaquín, _d1906-2002 _tLa isla al revés : Haití y el destino dominicano _xCrítica e interpretación _976556 |
| 650 | 4 |
_aIdentidad nacional _zRepública Dominicana _934479 |
|
| 650 | 0 |
_aPsicología social _91574 |
|
| 650 | 4 |
_aNacionalismo y cultura _922911 _2 |
|
| 650 | 4 |
_aCaracterísticas nacionales _zRepública Dominicana. _977563 |
|
| 650 | 4 |
_aIdentidad cultural _z República Dominicana. _91946 |
|
| 651 | 4 |
_aRepública Dominicana _xCaracterísticas Nacionales _91720 |
|
| 651 | 4 |
_aRepública Dominicana _xCondiciones sociales _946 |
|
| 910 | _aVMateo | ||
| 942 |
_2ddc _cLBS1 |
||
| 999 |
_c49270 _d49270 |
||